Станции метро Фиолетовой ветки Москвы - Statistics

General Stats
  • This quiz has been taken 46 times
  • The average score is 18 of 22
Answer Stats
Название % Correct
Выхино
90%
Планерная
87%
Пушкинская
87%
Спартак
85%
Баррикадная
85%
Кузнецкий Мост
85%
Китай-город
85%
Улица 1905 года
85%
Тушинская
82%
Таганская
82%
Кузьминки
82%
Текстильщики
79%
Лермонтовский проспект
79%
Сходненская
77%
Рязанский проспект
77%
Жулебино
77%
Полежаевская
74%
Волгоградский проспект
74%
Беговая
72%
Пролетарская
72%
Щукинская
69%
Октябрьское Поле
69%
No matching quizzes found
Score Distribution
Percent of People with Each Score
Percentile by Number Answered
Your Score History
You have not taken this quiz